Statistics for Emmy Winners for Best Actress in a Limited/Anthology Series or Movie

Click here to take the quiz!

General Stats

  • This quiz has been taken 20 times
  • The average score is 19 of 45

Answer Stats

YearProgramActor% Correct
2011Mildred PierceKate Winslet
95%
2021Mare of EasttownKate Winslet
95%
2017Big Little LiesNicole Kidman
95%
2009Grey GardensJessica Lange
74%
2014American Horror Story: CovenJessica Lange
74%
2023BeefAli Wong
68%
2004Angels in AmericaMeryl Streep
68%
2016The People v. O.J. Simpson: American Crime StorySarah Paulson
68%
2022The DropoutAmanda Seyfried
63%
2015Olive KitteridgeFrances McDormand
58%
1999The Passion of Ayn RandHelen Mirren
58%
1996Prime Suspect: Scent of DarknessHelen Mirren
58%
2007Prime Suspect: The Final ActHelen Mirren
58%
2006Elizabeth IHelen Mirren
58%
2008John AdamsLaura Linney
58%
2013The Big C: HereafterLaura Linney
58%
2002Wild IrisLaura Linney
58%
2019Fosse/VerdonMichelle Williams
58%
2018Seven SecondsRegina King
58%
2020WatchmenRegina King
58%
2000Introducing Dorothy DandridgeHalle Berry
47%
2012Game ChangeJulianne Moore
47%
2010Temple GrandinClaire Danes
42%
1995Serving in Silence: The Margarethe Cammermeyer StoryGlenn Close
37%
2001Life with Judy Garland: Me and My ShadowsJudy Davis
37%
1979Strangers: The Story of a Mother and DaughterBette Davis
32%
2003My House in UmbriaMaggie Smith
32%
1984The DollmakerJane Fonda
26%
1980The Miracle WorkerPatty Duke
26%
1997Miss Evers' BoysAlfre Woodard
21%
1983The Thorn BirdsBarbara Stanwyck
21%
1993The Positively True Adventures of the Alleged Texas Cheerleader-Murdering MomHolly Hunter
21%
1989Roe vs. WadeHolly Hunter
21%
1986Nobody's ChildMarlo Thomas
21%
1981Playing for TimeVanessa Redgrave
21%
1985Do You Remember LoveJoanne Woodward
16%
2005Lackawanna BluesS. Epatha Merkerson
16%
1990A Killing in a Small TownBarbara Hershey
11%
1998Before Women Had WingsEllen Barkin
11%
1987The Betty Ford StoryGena Rowlands
11%
1992Face of a StrangerGena Rowlands
11%
1982A Woman Called GoldaIngrid Bergman
11%
1988FoxfireJessica Tandy
11%
1994David's MotherKirstie Alley
11%
1991The Josephine Baker StoryLynn Whitfield
11%

Score Distribution

Percentile by Number Answered

Percent of People with Each Score

Your Score History

You have not taken this quiz